000 01886cad a22002415a 4500
001 E147543
008 090521s2006 xxk f s000 0 eng d
020 _a0755929373
022 1 _a0950-2254
035 _a(Sirsi) u147543
041 0 _aeng
050 0 4 _a711.7 $2 18
110 2 _aAtkins
_95263
245 0 0 _aReview of regional transport strategies in the UK
_h[electronic resource]
260 _a[Edinburgh]
_bScottish Executive Social Research
_c2006
505 2 _aIntroduction: background; study brief; review methodology; report structure -- How regional transport is administered: overview of government structures and responsibilities; existing situation in Scotland; current proposals for Scotland; situation in England; situation in Wales -- Review of Scottish regional transport strategies: overview of strategies; background information, the role and purpose of the RTS; detailed assessment of the content of the RTSs; assessment of the process undertaken to develop and produce the RTSs; summary -- Review of English Regional Transport Strategies: selection of strategies to be reviewed: overview of strategies; background information, the role and purpose of the RTS; detailed assessment of the content of the RTSs -- Conclusions and recommendations: recommendations on format and approach; specific guidance recommendations; good practice advice for RTPs
520 _aDiscusses the results of research aimed at identifying good practice in Regional Transport Strategies across the UK, and looking at ways in which Scotland can learn from such good practice and use it to inform its own policies.
521 _aAdvanced
651 4 _aScotland
_y1999-
690 _aPROPERTY-INFRASTRUCTURE-TRANSPORT INFRASTRUCTURE
856 4 0 _uhttps://www.scotland.gov.uk/Publications/2006/02/07141750/0
_zView the report free of charge at www.scotland.gov.uk...
942 _n0
999 _c109607
_d109607